01525cam a22003854i 4500003000900000005001700009008004100026020001500067035002700082040003300109049000900142082002000151100004200171245004900213264004800262300003800310336002100348337002500369338002300394490005300417505003800470526000900508526000900517526000800526526000800534526000800542650003200550942001400582949012800596994001400724596000600738999016800744980005500912952017200967PE-LiUPU20250731184100.0150623s r 000 0 d a8481301388 a(Sirsi) i9788481301380 aPE-LiUPUbspacPE-LiUPUerda aPRUA04a808.83bG142211 aDickens, Charles,d1812-1870,eautor.10aHistoria de dos ciudades /cCharles Dickens. 1aLima (i.e) Barcelona :bEl Comercio,c2000. a381 páginas ;c21 centímetros atext2rdacontent aunmediated2rdamedia avolume2rdacarrier0 aGran Biblioteca Universal de 'El Comercio' ;v140 aNovela: Historia de dos ciudades. aP145 aP127 aP97 aP14 aP0704aNovelas inglesasySiglo XX. 2ddccBOOK a808.83 G14wDEWEYc1i48411lCCODEBUL1mBULr0sYtBOOKu2015-6-24xEDUCACIONzUNKNOWN0COMPRAo.STAFF. Colección General aC0bPEPRU a1 a808.83 G14wDEWEYc27077i48411d27077e2017-9-24f2021-11-5g5lCCODEBUL1mBULn3r0sYtBOOKu2015-6-24xBIBLIOTECAzUNKNOWN0COMPRAo.STAFF. Colección General 81gALBERTO SANCHEZ Responsable de Automatización r2025-12-03 00:00:00i6l3o808.83 G14p48411s2017-09-24te1w2015-06-24xFACIHEDyBKzinventario-2023-12-13102ddc50708GENfP14aBULbBULcGENd2015-06-24eCOMPRA